Communes de la Haute-Vienne (87) - Avec carte - Statistiques

Statistiques générales
  • Ce quiz a été pris 185 fois
  • Le résultat moyen est 47 sur 195
Réponses sur la Carte
Les réponses sont colorées sur une échelle allant du rouge au vert en fonction du pourcentage des utilisateurs qui les ont devinées à leur premier essai. Vous pouvez retrouver ces pourcentages ci-dessous.
 
Statistiques - réponses
Réponse % Correct
Limoges
99%
Saint-Junien
82%
Bellac
80%
Panazol
77%
Couzeix
74%
Aixe-sur-Vienne
70%
Saint-Léonard-de-Noblat
68%
Ambazac
65%
Feytiat
65%
Oradour-sur-Glane
64%
Rochechouart
64%
Saint-Yrieix-la-Perche
63%
Isle
62%
Eymoutiers
56%
Condat-sur-Vienne
55%
Le Palais-sur-Vienne
54%
Châlus
50%
Le Vigen
50%
Nexon
50%
Boisseuil
49%
Rilhac-Rancon
49%
Verneuil-sur-Vienne
47%
Bessines-sur-Gartempe
46%
Oradour-sur-Vayres
45%
Le Dorat
43%
Nieul
43%
Solignac
42%
Pierre-Buffière
41%
Saint-Priest-sous-Aixe
39%
Arnac-la-Poste
38%
Eyjeaux
38%
Vayres
38%
Châteauneuf-la-Forêt
37%
Saint-Paul
37%
Bosmie-l'Aiguille
36%
Magnac-Laval
36%
Magnac-Bourg
35%
Saint-Just-le-Martel
35%
Bujaleuf
34%
Saint-Mathieu
34%
Saint-Priest-Taurion
34%
Bonnac-la-Côte
33%
Flavignac
33%
La Geneytouse
33%
Saint-Gence
33%
Saint-Victurnien
33%
Veyrac
33%
Blond
32%
Chaptelat
32%
Cognac-la-Forêt
32%
Saint-Germain-les-Belles
32%
Nantiat
31%
Nedde
31%
Peyrat-le-Château
31%
Razès
31%
Aureil
29%
Gorre
29%
Les Cars
29%
Châteauponsac
28%
Saint-Hilaire-Bonneval
28%
Linards
27%
Nouic
27%
Saint-Pardoux-le-Lac
27%
Cieux
26%
Compreignac
25%
Cussac
25%
Saint-Sulpice-les-Feuilles
25%
Séreilhac
25%
Royères
24%
Saint-Denis-des-Murs
24%
Saint-Hilaire-les-Places
24%
Saint-Laurent-sur-Gorre
24%
Berneuil
23%
Mortemart
23%
Saint-Jouvent
23%
Saint-Sylvestre
23%
Sussac
23%
Coussac-Bonneval
22%
Meuzac
22%
Saint-Brice-sur-Vienne
22%
Bussière-Galant
21%
Neuvic-Entier
21%
Peyrilhac
21%
Saint-Maurice-les-Brousses
21%
Beaumont-du-Lac
20%
Eybouleuf
20%
La Jonchère-Saint-Maurice
20%
Laurière
20%
Val d'Issoire
20%
Beynac
19%
Château-Chervix
19%
Glandon
19%
La Porcherie
19%
La Roche-l'Abeille
19%
Saillat-sur-Vienne
19%
Sainte-Anne-Saint-Priest
19%
Chamboret
18%
Saint-Bonnet-Briance
18%
Saint-Priest-Ligoure
18%
Sauviat-sur-Vige
18%
Burgnac
17%
Ladignac-le-Long
17%
Montrol-Sénard
17%
Saint-Auvent
17%
Saint-Genest-sur-Roselle
17%
Saint-Yrieix-sous-Aixe
17%
Domps
16%
Glanges
16%
Janailhac
16%
Javerdat
16%
Jourgnac
16%
Masléon
16%
Moissannes
16%
Rancon
16%
Roziers-Saint-Georges
16%
Saint-Julien-le-Petit
16%
Saint-Martin-le-Vieux
16%
Saint-Martin-Terressus
16%
Augne
15%
Fromental
15%
Rempnat
15%
Saint-Jean-Ligoure
15%
Saint-Laurent-les-Églises
15%
Saint-Méard
15%
Vicq-sur-Breuilh
15%
Chaillac-sur-Vienne
14%
Dournazac
14%
Le Buis
14%
Lussac-les-Églises
14%
Pageas
14%
Saint-Amand-le-Petit
14%
Saint-Cyr
14%
Saint-Sulpice-Laurière
14%
Bersac-sur-Rivalier
13%
Champsac
13%
Droux
13%
Folles
13%
La Croisille-sur-Briance
13%
La Meyze
13%
Peyrat-de-Bellac
13%
Saint-Bonnet-de-Bellac
13%
Saint-Léger-la-Montagne
13%
Thouron
13%
Val-d'Oire-et-Gartempe
13%
Vaulry
13%
Videix
13%
Blanzac
12%
Champagnac-la-Rivière
12%
Champnétery
12%
Lavignac
12%
Le Chalard
12%
Meilhac
12%
Pensol
12%
Saint-Martin-de-Jussac
12%
La Chapelle-Montbrandeix
11%
Rilhac-Lastours
11%
Saint-Gilles-les-Forêts
11%
Saint-Junien-les-Combes
11%
Balledent
10%
Maisonnais-sur-Tardoire
10%
Marval
10%
Oradour-Saint-Genest
10%
Sainte-Marie-de-Vaux
10%
Saint-Sornin-Leulac
10%
Cheissoux
9%
Cromac
9%
Gajoubert
9%
La Croix-sur-Gartempe
9%
Le Châtenet-en-Dognon
9%
Les Grands-Chézeaux
9%
Saint-Bazile
9%
Azat-le-Ris
8%
Breuilaufa
8%
Chéronnac
8%
Dompierre-les-Églises
8%
Jabreilles-les-Bordes
8%
Les Billanges
8%
Les Salles-Lavauguyon
8%
Mailhac-sur-Benaize
8%
Saint-Martial-sur-Isop
8%
Saint-Vitte-sur-Briance
8%
Surdoux
8%
Jouac
7%
Saint-Martin-le-Mault
7%
Saint-Ouen-sur-Gartempe
7%
Dinsac
6%
Saint-Georges-les-Landes
6%
Saint-Léger-Magnazeix
6%
Saint-Sornin-la-Marche
6%
Saint-Amand-Magnazeix
5%
Saint-Hilaire-la-Treille
5%
Tersannes
5%
Villefavard
5%
La Bazeuge
3%
Verneuil-Moustiers
3%
Aucun quiz correspondant
Distribution des résultats
% des personnes avec chaque résultat
Percentile par nombre de réponses
Votre historique - résultats
Vous n’avez pas pris ce quiz